000 00772nam a2200241Ia 4500
999 _c41290
_d41290
001 7947
003 GE_BSU
005 20190724144540.0
008 181216s2011|||| |||||||||||||| ||eng||
020 _a9781408237090.
041 _aeng
080 _a811.111-8+338.22 C-84
100 _aCotton David.
_93235
245 _aUpper Intermediate: Market Leader :
_bBusiness English : Course Book /
_cDavid Cotton ; Simon Falvey ; Simon Kent.
250 _a3rd Edition.
264 _aEngland :
_bFinancial Times,
_c2011.
300 _a175 p .:
_bill;
_c28 cm.
_e+1CD.
653 _aMarket Leader.Business English
653 _aბიზნეს ინგლისური
700 _aFalvey, Simon
_93236
700 _aKent, Simon
_93237
942 _cBK
_2udc